000 00612nam a2200229Ia 4500
003 OSt
005 20220918230707.0
006 a|||||r|||| 00| 0
007 ta
008 220917b |||||||| |||| 00| 0 eng d
024 _a257,246
037 _cTextual
040 _aARTS
_cARTS
_beng
041 _2eng
_aeng
082 _aK:12.2, M0
100 _aMehra H R
_9153054
245 0 _aFauna of India and the adjacent countries
260 _aCalcutta
_bZoological Survey of India India
_c1980
650 _aZOOLOGY
_912
942 _hK:12.2, M0
_cTEXL
_2CC
999 _c288682
_d288682